Warrior cats H names - Statistics

General Stats
  • This quiz has been taken 11 times
    10 since last reset
  • The average score is 28 of 73
Answer Stats
% Correct
Hal
83%
Harrybrook
83%
Hollow
83%
Holly
83%
Hollyleaf
83%
Hollystar
83%
Harestar
67%
Harveymoon
67%
Hawkfrost
67%
Hawkfur
67%
HawkRh
67%
HawkSister
67%
Hawkstar
67%
Hawkwing
67%
Haze
67%
Hazeltail
67%
Heatherstar
67%
Heathertail
67%
Hollypelt
67%
Hollytuft
67%
Hailstar
50%
HareflightFq
50%
HareflightTr
50%
Hattie
50%
Hawkfoot
50%
Hazelstar
50%
Hazelwing
50%
Henry
50%
Hollykit
50%
Honeyfur
50%
Honey pelt
50%
Half moon
33%
Harelight
33%
Hawkheart
33%
Hazelkit
33%
HeronwingRc
33%
HeronwingTc
33%
Hickorynose
33%
Hollowbelly
33%
Hollowspring
33%
Hollyflower
33%
Houndleap
33%
Houndstar
33%
Hunter
33%
Halftail
17%
Harepaw
17%
Harepounce
17%
Harley
17%
Hatchkit
17%
Havenpelt
17%
Hawksnow
17%
Hawk swoop
17%
Hayberry
17%
Heavystep
17%
Heronkit
17%
Hillkit
17%
Hollowflight
17%
Hollow tree
17%
Honeyfern
17%
Honeyleaf
17%
Honeytail
17%
Hoot
17%
Hopekit
17%
Hopwhisker
17%
Husker
17%
Hussar
17%
Hutch
17%
Harewhisker
0%
Hazel burrow
0%
Hazelfrond
0%
Hootwhisker
0%
Hopper
0%
Huntheart
0%
No matching quizzes found
Score Distribution
Percent of People with Each Score
Percentile by Number Answered
Your Score History
You have not taken this quiz since the last reset